Costa Rica: el final de una era

שמור ב:
מידע ביבליוגרפי
מחבר ראשי: Rojas Bolaños, Manuel
פורמט: Texto
יצא לאור: San José: Centro de Estudios para la Acción Social
תגים: הוספת תג
אין תגיות, היה/י הראשונ/ה לתייג את הרשומה!

MARC

LEADER 00000 a a2200000 04500
001 21443
003
040
090 |a 094500  
100 |a Rojas Bolaños, Manuel  
245 |a Costa Rica: el final de una era  
260 |a San José:   |b Centro de Estudios para la Acción Social  
300 |a 27 p.  
999 |c 16780  |d 16780